Kanggaru yang sesat
| Main Author: | |
|---|---|
| Format: | Book |
| Published: |
Kuala Lumpur :
Pustaka Sistem Pelajaran ,
1991
|
| Series: | Kisah haiwan di hutan
|
| Subjects: |
MARC
| LEADER | 00000cam a2200000 7i4500 | ||
|---|---|---|---|
| 001 | 0000009136 | ||
| 005 | 20120720.0 | ||
| 020 | |a 9679025411 | ||
| 090 | 0 | 0 | |a JF |b CAR |
| 100 | 1 | |a Carroll, Jean | |
| 245 | 1 | 0 | |a Kanggaru yang sesat |c Jean Carroll |
| 260 | |a Kuala Lumpur : |b Pustaka Sistem Pelajaran , |c 1991 | ||
| 300 | |a 29p. : |b ill. ; |c 17cm. | ||
| 490 | 0 | |a Kisah haiwan di hutan | |
| 650 | 0 | 0 | |a Children's stories, Malay |
| 999 | |a 048371 |b BUKU |c PINJAMAN |e PERPUSTAKAAN KOMUNITI PETALING JAYA | ||